| 000 | 00436nam a22001457a 4500 | ||
|---|---|---|---|
| 022 | _a8170030307 | ||
| 082 |
_a658.404 _bCHO _cL-14, P-159 |
||
| 100 |
_aChoudhury, Sadhan _944660 |
||
| 245 | _aProject scheduling & monitoring in practice, | ||
| 260 |
_aNew Delhi: _bSouth Asian Publishers. Pvt Ltd. _cc1986 |
||
| 300 |
_axii, 325 p _bgraph,: _c16cm |
||
| 526 |
_a0 _b0 _c0 _d658_404000000000000_CHO |
||
| 650 |
_aMCE _9379 |
||
| 942 |
_2ddc _cBK |
||
| 999 |
_c548384 _d548384 |
||